[Event "DEM U18w 2023"]
[Site "Willingen GER"]
[Date "2023.06.03"]
[Round "9"]
[White "Albayrak, Nese Pinar"]
[Black "Derling, Charlotte"]
[Result "1/2-1/2"]
[Termination "normal"]
[Board "4"]
[WhiteElo "1763"]
[BlackElo "1664"]
[WhiteClock "00:11:59"]
[BlackClock "00:22:26"]
[PlyCount "94"]
[WhiteFideId "16255259"]
[BlackFideId "16222237"]
[EventCountry "GER"]
[EventRounds "9"]
[EventType "swiss"]
[EventDate "2023.05.27"]

1. e4 {[%clk 01:30:58]} {[%emt 00:00:01]} c5 {[%clk 01:30:55]} {[%emt
00:00:06]} 2. Nf3 {[%clk 01:31:23]} {[%emt 00:00:04]} d6 {[%clk 01:31:20]}
{[%emt 00:00:05]} 3. d4 {[%clk 01:31:47]} {[%emt 00:00:06]} cxd4 {[%clk
01:31:43]} {[%emt 00:00:07]} 4. Nxd4 {[%clk 01:32:13]} {[%emt 00:00:04]} Nf6
{[%clk 01:32:01]} {[%emt 00:00:11]} 5. Nc3 {[%clk 01:32:28]} {[%emt 00:00:16]}
g6 {[%clk 01:32:18]} {[%emt 00:00:11]} 6. Be3 {[%clk 01:32:36]} {[%emt
00:00:24]} Bg7 {[%clk 01:32:36]} {[%emt 00:00:11]} 7. f3 {[%clk 01:32:21]}
{[%emt 00:00:46]} Nc6 {[%clk 01:32:19]} {[%emt 00:00:47]} 8. Bc4 {[%clk
01:30:50]} {[%emt 00:02:02]} O-O {[%clk 01:31:50]} {[%emt 00:00:58]} 9. Qd2
{[%clk 01:31:05]} {[%emt 00:00:17]} Bd7 {[%clk 01:32:02]} {[%emt 00:00:16]} 10.
O-O-O {[%clk 01:30:13]} {[%emt 00:01:23]} Rc8 {[%clk 01:32:06]} {[%emt
00:00:26]} 11. Bb3 {[%clk 01:30:03]} {[%emt 00:00:41]} Nxd4 {[%clk 01:31:55]}
{[%emt 00:00:40]} 12. Bxd4 {[%clk 01:27:58]} {[%emt 00:02:35]} b5 {[%clk
01:31:20]} {[%emt 00:01:04]} 13. Nd5 {[%clk 01:18:11]} {[%emt 00:10:18]} Nxd5
{[%clk 01:31:06]} {[%emt 00:00:43]} 14. Bxg7 {[%clk 01:16:17]} {[%emt
00:02:25]} Kxg7 {[%clk 01:31:20]} {[%emt 00:00:16]} 15. exd5 {[%clk 01:15:58]}
{[%emt 00:00:50]} a5 {[%clk 01:30:41]} {[%emt 00:01:08]} 16. a3 {[%clk
01:15:28]} {[%emt 00:01:01]} Kg8 {[%clk 01:28:03]} {[%emt 00:03:07]} 17. h4
{[%clk 01:06:16]} {[%emt 00:09:42]} b4 {[%clk 01:26:53]} {[%emt 00:01:40]} 18.
a4 {[%clk 00:48:19]} {[%emt 00:18:28]} Qe8 {[%clk 01:05:45]} {[%emt 00:21:37]}
19. h5 {[%clk 00:47:12]} {[%emt 00:01:37]} Bf5 {[%clk 00:49:25]} {[%emt
00:16:49]} 20. Kb1 {[%clk 00:33:48]} {[%emt 00:13:55]} gxh5 {[%clk 00:41:52]}
{[%emt 00:08:03]} 21. Rxh5 {[%clk 00:22:21]} {[%emt 00:11:58]} Bg6 {[%clk
00:40:08]} {[%emt 00:02:14]} 22. Rh2 {[%clk 00:19:42]} {[%emt 00:03:09]} f6
{[%clk 00:33:01]} {[%emt 00:07:36]} 23. g4 {[%clk 00:17:58]} {[%emt 00:02:15]}
Qf7 {[%clk 00:30:57]} {[%emt 00:02:34]} 24. f4 {[%clk 00:15:34]} {[%emt
00:02:54]} f5 {[%clk 00:29:44]} {[%emt 00:01:43]} 25. g5 {[%clk 00:15:13]}
{[%emt 00:00:51]} Rc5 {[%clk 00:27:42]} {[%emt 00:02:31]} 26. Re1 {[%clk
00:11:25]} {[%emt 00:04:19]} Re8 {[%clk 00:24:16]} {[%emt 00:03:56]} 27. Re6
{[%clk 00:08:42]} {[%emt 00:03:14]} Qg7 {[%clk 00:23:10]} {[%emt 00:01:35]} 28.
Qe1 {[%clk 00:05:58]} {[%emt 00:03:14]} Kf8 {[%clk 00:20:49]} {[%emt 00:02:51]}
29. Qh4 {[%clk 00:02:55]} {[%emt 00:03:34]} Kg8 {[%clk 00:19:23]} {[%emt
00:01:56]} 30. Qe1 {[%clk 00:03:10]} {[%emt 00:00:15]} Kf8 {[%clk 00:19:40]}
{[%emt 00:00:13]} 31. Rd2 {[%clk 00:01:44]} {[%emt 00:01:56]} Bf7 {[%clk
00:17:50]} {[%emt 00:02:19]} 32. Ree2 {[%clk 00:02:04]} {[%emt 00:00:11]} Bg6
{[%clk 00:17:16]} {[%emt 00:01:03]} 33. Qf2 {[%clk 00:02:15]} {[%emt 00:00:18]}
Rec8 {[%clk 00:16:26]} {[%emt 00:01:20]} 34. Qd4 {[%clk 00:02:18]} {[%emt
00:00:28]} Qxd4 {[%clk 00:15:05]} {[%emt 00:01:50]} 35. Rxd4 {[%clk 00:02:47]}
{[%emt 00:00:02]} R8c7 {[%clk 00:14:49]} {[%emt 00:00:45]} 36. Rd3 {[%clk
00:02:11]} {[%emt 00:01:07]} Rb7 {[%clk 00:12:07]} {[%emt 00:03:13]} 37. Kc1
{[%clk 00:02:28]} {[%emt 00:00:13]} Kf7 {[%clk 00:09:13]} {[%emt 00:03:23]} 38.
Kd2 {[%clk 00:02:43]} {[%emt 00:00:16]} Rc8 {[%clk 00:09:00]} {[%emt 00:00:42]}
39. Rde3 {[%clk 00:02:27]} {[%emt 00:00:47]} Rcc7 {[%clk 00:08:24]} {[%emt
00:01:06]} 40. Rd3 {[%clk 00:02:34]} {[%emt 00:00:23]} Rc8 {[%clk 00:07:35]}
{[%emt 00:01:19]} 41. Rd4 {[%clk 00:28:03]} {[%emt 00:05:01]} Rbc7 {[%clk
00:33:14]} {[%emt 00:04:50]} 42. Kd3 {[%clk 00:25:48]} {[%emt 00:02:46]} Rc5
{[%clk 00:30:27]} {[%emt 00:03:17]} 43. Bc4 {[%clk 00:23:44]} {[%emt 00:02:35]}
R8c7 {[%clk 00:28:21]} {[%emt 00:02:37]} 44. c3 {[%clk 00:13:38]} {[%emt
00:10:35]} bxc3 {[%clk 00:27:42]} {[%emt 00:01:08]} 45. bxc3 {[%clk 00:13:18]}
{[%emt 00:00:50]} Kg7 {[%clk 00:26:48]} {[%emt 00:01:24]} 46. Rb2 {[%clk
00:13:05]} {[%emt 00:00:43]} Be8 {[%clk 00:26:22]} {[%emt 00:00:55]} 47. Ra2
{[%clk 00:11:59]} {[%emt 00:01:36]} Bh5 {[%clk 00:22:26]} {[%emt 00:04:25]}
1/2-1/2

[Event "DEM U18w 2023"]
[Site "Willingen GER"]
[Date "2023.06.03"]
[Round "9"]
[White "Glowiak, Alexandra"]
[Black "Peglau, Mirjam"]
[Result "1-0"]
[Termination "normal"]
[Board "5"]
[WhiteElo "1660"]
[BlackElo "1932"]
[WhiteClock "00:03:33"]
[BlackClock "00:02:18"]
[PlyCount "109"]
[WhiteFideId "16259530"]
[BlackFideId "16211138"]
[EventCountry "GER"]
[EventRounds "9"]
[EventType "swiss"]
[EventDate "2023.05.27"]

1. e4 {[%clk 01:30:57]} {[%emt 00:00:02]} c5 {[%clk 01:30:58]} {[%emt
00:00:03]} 2. Nf3 {[%clk 01:31:21]} {[%emt 00:00:07]} e6 {[%clk 01:31:23]}
{[%emt 00:00:05]} 3. d4 {[%clk 01:31:46]} {[%emt 00:00:04]} cxd4 {[%clk
01:31:50]} {[%emt 00:00:04]} 4. Nxd4 {[%clk 01:32:10]} {[%emt 00:00:06]} a6
{[%clk 01:32:17]} {[%emt 00:00:02]} 5. Nc3 {[%clk 01:30:43]} {[%emt 00:01:57]}
b5 {[%clk 01:32:43]} {[%emt 00:00:05]} 6. a3 {[%clk 01:29:28]} {[%emt
00:01:45]} Bb7 {[%clk 01:33:08]} {[%emt 00:00:04]} 7. Be3 {[%clk 01:20:33]}
{[%emt 00:09:25]} Ne7 {[%clk 01:33:03]} {[%emt 00:00:35]} 8. Be2 {[%clk
01:17:50]} {[%emt 00:03:12]} Nbc6 {[%clk 01:33:26]} {[%emt 00:00:08]} 9. Nxc6
{[%clk 01:14:08]} {[%emt 00:04:12]} Nxc6 {[%clk 01:33:28]} {[%emt 00:00:28]}
10. O-O {[%clk 01:09:24]} {[%emt 00:05:14]} Be7 {[%clk 01:27:57]} {[%emt
00:06:01]} 11. Qd2 {[%clk 01:02:47]} {[%emt 00:07:07]} O-O {[%clk 01:27:17]}
{[%emt 00:01:10]} 12. Rad1 {[%clk 01:01:04]} {[%emt 00:02:13]} d6 {[%clk
01:27:27]} {[%emt 00:00:20]} 13. Bf4 {[%clk 01:00:20]} {[%emt 00:01:14]} e5
{[%clk 01:19:54]} {[%emt 00:08:03]} 14. Be3 {[%clk 00:59:26]} {[%emt 00:01:24]}
Na5 {[%clk 01:14:14]} {[%emt 00:06:10]} 15. f3 {[%clk 00:31:36]} {[%emt
00:28:19]} Rc8 {[%clk 01:08:32]} {[%emt 00:06:12]} 16. a4 {[%clk 00:26:49]}
{[%emt 00:05:18]} Nc4 {[%clk 01:04:57]} {[%emt 00:04:05]} 17. Bxc4 {[%clk
00:27:04]} {[%emt 00:00:15]} bxc4 {[%clk 01:05:15]} {[%emt 00:00:13]} 18. Nd5
{[%clk 00:26:46]} {[%emt 00:00:47]} Bxd5 {[%clk 01:03:14]} {[%emt 00:02:30]}
19. Qxd5 {[%clk 00:27:04]} {[%emt 00:00:12]} Qc7 {[%clk 01:03:08]} {[%emt
00:00:37]} 20. b4 {[%clk 00:21:44]} {[%emt 00:05:50]} cxb3 {[%clk 00:59:57]}
{[%emt 00:03:40]} 21. cxb3 {[%clk 00:22:04]} {[%emt 00:00:11]} Qc3 {[%clk
00:56:35]} {[%emt 00:03:52]} 22. Bb6 {[%clk 00:20:01]} {[%emt 00:02:33]} Bg5
{[%clk 00:38:33]} {[%emt 00:18:31]} 23. Qd3 {[%clk 00:14:57]} {[%emt 00:05:34]}
Qb2 {[%clk 00:26:35]} {[%emt 00:12:28]} 24. Qxa6 {[%clk 00:09:48]} {[%emt
00:05:39]} Rc2 {[%clk 00:16:19]} {[%emt 00:10:47]} 25. Rf2 {[%clk 00:09:53]}
{[%emt 00:00:25]} Qxb3 {[%clk 00:15:48]} {[%emt 00:01:01]} 26. Rxc2 {[%clk
00:09:26]} {[%emt 00:00:57]} Qxc2 {[%clk 00:16:16]} {[%emt 00:00:02]} 27. Rf1
{[%clk 00:06:28]} {[%emt 00:03:27]} h5 {[%clk 00:14:01]} {[%emt 00:02:45]} 28.
a5 {[%clk 00:05:33]} {[%emt 00:01:26]} Qc6 {[%clk 00:08:35]} {[%emt 00:05:56]}
29. Qd3 {[%clk 00:05:27]} {[%emt 00:00:35]} Bd8 {[%clk 00:06:36]} {[%emt
00:02:29]} 30. Bxd8 {[%clk 00:02:56]} {[%emt 00:03:02]} Rxd8 {[%clk 00:07:05]}
{[%emt 00:00:02]} 31. Ra1 {[%clk 00:03:02]} {[%emt 00:00:23]} Ra8 {[%clk
00:06:16]} {[%emt 00:01:19]} 32. Qd5 {[%clk 00:02:14]} {[%emt 00:01:18]} Qa6
{[%clk 00:03:14]} {[%emt 00:03:31]} 33. Kf2 {[%clk 00:00:36]} {[%emt 00:02:07]}
g6 {[%clk 00:02:23]} {[%emt 00:01:22]} 34. Rb1 {[%clk 00:00:43]} {[%emt
00:00:22]} Ra7 {[%clk 00:01:55]} {[%emt 00:00:59]} 35. Rb6 {[%clk 00:00:36]}
{[%emt 00:00:36]} Qxa5 {[%clk 00:02:02]} {[%emt 00:00:23]} 36. Qxd6 {[%clk
00:00:36]} {[%emt 00:00:30]} Kh7 {[%clk 00:01:02]} {[%emt 00:01:30]} 37. Qf6
{[%clk 00:00:39]} {[%emt 00:00:27]} Qc5+ {[%clk 00:00:42]} {[%emt 00:00:51]}
38. Kg3 {[%clk 00:00:59]} {[%emt 00:00:08]} Qc7 {[%clk 00:00:38]} {[%emt
00:00:36]} 39. Rb5 {[%clk 00:00:55]} {[%emt 00:00:33]} Qe7 {[%clk 00:00:34]}
{[%emt 00:00:34]} 40. Qxe5 {[%clk 00:00:49]} {[%emt 00:00:36]} Qd7 {[%clk
00:00:43]} {[%emt 00:00:21]} 41. Rb8 {[%clk 00:29:11]} {[%emt 00:02:09]} f6
{[%clk 00:27:30]} {[%emt 00:03:43]} 42. Qxf6 {[%clk 00:24:46]} {[%emt
00:04:54]} Qc7+ {[%clk 00:27:50]} {[%emt 00:00:10]} 43. Qf4 {[%clk 00:24:59]}
{[%emt 00:00:17]} Qe7 {[%clk 00:16:24]} {[%emt 00:11:56]} 44. Rf8 {[%clk
00:17:39]} {[%emt 00:07:49]} Kg7 {[%clk 00:13:57]} {[%emt 00:02:58]} 45. Rc8
{[%clk 00:16:04]} {[%emt 00:02:05]} Rb7 {[%clk 00:10:03]} {[%emt 00:04:25]} 46.
h4 {[%clk 00:11:20]} {[%emt 00:05:12]} Rd7 {[%clk 00:06:52]} {[%emt 00:03:42]}
47. Rc6 {[%clk 00:06:55]} {[%emt 00:04:54]} Kh7 {[%clk 00:02:13]} {[%emt
00:05:09]} 48. Qg5 {[%clk 00:06:43]} {[%emt 00:00:41]} Qf7 {[%clk 00:02:31]}
{[%emt 00:00:13]} 49. Qf6 {[%clk 00:06:45]} {[%emt 00:00:28]} Qe8 {[%clk
00:02:48]} {[%emt 00:00:13]} 50. Re6 {[%clk 00:05:56]} {[%emt 00:01:19]} Qg8
{[%clk 00:02:40]} {[%emt 00:00:39]} 51. Re7+ {[%clk 00:05:58]} {[%emt
00:00:27]} Rxe7 {[%clk 00:03:09]} 52. Qxe7+ {[%clk 00:06:26]} {[%emt 00:00:03]}
Kh6 {[%clk 00:03:39]} 53. e5 {[%clk 00:05:47]} {[%emt 00:01:09]} Qd5 {[%clk
00:02:54]} {[%emt 00:01:16]} 54. Qf6 {[%clk 00:03:33]} {[%emt 00:02:41]} Qa5
{[%clk 00:02:18]} {[%emt 00:01:08]} 55. Qh8# {[%emt 00:00:06]} 1-0

[Event "DEM U18w 2023"]
[Site "Willingen GER"]
[Date "2023.06.03"]
[Round "9"]
[White "Zöllner, Bente"]
[Black "Cordes, Jule"]
[Result "1-0"]
[Termination "normal"]
[Board "7"]
[WhiteElo "1700"]
[BlackElo "1744"]
[WhiteClock "00:50:58"]
[BlackClock "00:00:37"]
[PlyCount "111"]
[WhiteFideId "16230523"]
[BlackFideId "1060708"]
[EventCountry "GER"]
[EventRounds "9"]
[EventType "swiss"]
[EventDate "2023.05.27"]

1. d4 {[%clk 01:30:58]} {[%emt 00:00:01]} d5 {[%clk 01:30:55]} {[%emt
00:00:05]} 2. c4 {[%clk 01:31:23]} {[%emt 00:00:05]} e6 {[%clk 01:31:21]}
{[%emt 00:00:04]} 3. Nc3 {[%clk 01:31:45]} {[%emt 00:00:08]} Nf6 {[%clk
01:31:43]} {[%emt 00:00:08]} 4. Bg5 {[%clk 01:31:47]} {[%emt 00:00:28]} Be7
{[%clk 01:32:06]} {[%emt 00:00:07]} 5. cxd5 {[%clk 01:32:00]} {[%emt 00:00:16]}
exd5 {[%clk 01:32:29]} {[%emt 00:00:07]} 6. e3 {[%clk 01:32:18]} {[%emt
00:00:12]} O-O {[%clk 01:32:33]} {[%emt 00:00:27]} 7. Bd3 {[%clk 01:32:18]}
{[%emt 00:00:29]} c6 {[%clk 01:32:53]} {[%emt 00:00:11]} 8. Qc2 {[%clk
01:32:28]} {[%emt 00:00:20]} Nbd7 {[%clk 01:33:03]} {[%emt 00:00:19]} 9. Nge2
{[%clk 01:32:12]} {[%emt 00:00:46]} Re8 {[%clk 01:32:56]} {[%emt 00:00:38]} 10.
O-O {[%clk 01:32:18]} {[%emt 00:00:23]} Nf8 {[%clk 01:33:08]} {[%emt 00:00:18]}
11. f3 {[%clk 01:32:29]} {[%emt 00:00:18]} g6 {[%clk 01:33:06]} {[%emt
00:00:33]} 12. a4 {[%clk 01:31:52]} {[%emt 00:01:08]} Ne6 {[%clk 01:30:05]}
{[%emt 00:03:30]} 13. Bh4 {[%clk 01:30:48]} {[%emt 00:01:34]} Qa5 {[%clk
01:06:57]} {[%emt 00:23:38]} 14. Rad1 {[%clk 01:26:18]} {[%emt 00:05:00]} Ng4
{[%clk 00:50:13]} {[%emt 00:17:14]} 15. Bf2 {[%clk 01:23:36]} {[%emt 00:03:11]}
Nxf2 {[%clk 00:50:17]} {[%emt 00:00:28]} 16. Kxf2 {[%clk 01:22:02]} {[%emt
00:02:03]} Ng7 {[%clk 00:48:13]} {[%emt 00:02:34]} 17. Rfe1 {[%clk 01:20:15]}
{[%emt 00:02:18]} Bd6 {[%clk 00:42:12]} {[%emt 00:06:31]} 18. e4 {[%clk
01:14:55]} {[%emt 00:05:49]} dxe4 {[%clk 00:35:06]} {[%emt 00:07:36]} 19. fxe4
{[%clk 01:13:52]} {[%emt 00:01:33]} Qh5 {[%clk 00:21:52]} {[%emt 00:13:44]} 20.
e5 {[%clk 01:10:48]} {[%emt 00:03:34]} Be7 {[%clk 00:19:30]} {[%emt 00:02:52]}
21. Kg1 {[%clk 01:07:11]} {[%emt 00:04:06]} Nf5 {[%clk 00:04:19]} {[%emt
00:15:42]} 22. Nf4 {[%clk 00:59:34]} {[%emt 00:08:08]} Qg4 {[%clk 00:01:45]}
{[%emt 00:03:03]} 23. Qf2 {[%clk 00:57:11]} {[%emt 00:02:53]} Bh4 {[%clk
00:01:18]} {[%emt 00:00:57]} 24. g3 {[%clk 00:50:43]} {[%emt 00:06:58]} Nxg3
{[%clk 00:01:47]} {[%emt 00:00:01]} 25. hxg3 {[%clk 00:50:17]} {[%emt
00:00:56]} Bxg3 {[%clk 00:02:13]} {[%emt 00:00:03]} 26. Qg2 {[%clk 00:49:21]}
{[%emt 00:01:27]} Bxf4 {[%clk 00:00:52]} {[%emt 00:01:51]} 27. Ne4 {[%clk
00:46:46]} {[%emt 00:03:05]} Qxg2+ {[%clk 00:00:41]} {[%emt 00:00:40]} 28. Kxg2
{[%clk 00:47:00]} {[%emt 00:00:16]} Kg7 {[%clk 00:00:38]} {[%emt 00:00:35]} 29.
Kf3 {[%clk 00:46:06]} {[%emt 00:01:23]} Bh6 {[%clk 00:00:40]} {[%emt 00:00:29]}
30. Rg1 {[%clk 00:44:34]} {[%emt 00:02:01]} Kh8 {[%clk 00:00:32]} {[%emt
00:00:38]} 31. Nf6 {[%clk 00:44:00]} {[%emt 00:01:04]} Re7 {[%clk 00:00:49]}
{[%emt 00:00:13]} 32. Rh1 {[%clk 00:44:12]} {[%emt 00:00:17]} Kg7 {[%clk
00:00:56]} {[%emt 00:00:24]} 33. Rh2 {[%clk 00:43:18]} {[%emt 00:01:23]} c5
{[%clk 00:00:38]} {[%emt 00:00:49]} 34. Rdh1 {[%clk 00:40:21]} {[%emt
00:03:27]} cxd4 {[%clk 00:00:47]} {[%emt 00:00:22]} 35. Rxh6 {[%clk 00:38:06]}
{[%emt 00:02:43]} Rxe5 {[%clk 00:01:15]} {[%emt 00:00:03]} 36. Ne4 {[%clk
00:36:53]} {[%emt 00:01:43]} Rh5 {[%clk 00:00:47]} {[%emt 00:00:57]} 37. R6xh5
{[%clk 00:36:17]} {[%emt 00:01:06]} gxh5 {[%emt 00:00:03]} 38. Rxh5 {[%clk
00:36:36]} {[%emt 00:00:09]} Bd7 {[%clk 00:01:06]} {[%emt 00:00:41]} 39. Nc5
{[%clk 00:34:10]} {[%emt 00:02:56]} Bc6+ {[%clk 00:00:59]} {[%emt 00:00:37]}
40. Kf4 {[%clk 00:34:05]} {[%emt 00:00:34]} h6 {[%clk 00:01:01]} {[%emt
00:00:28]} 41. b4 {[%clk 00:32:54]} {[%emt 00:01:42]} b6 {[%clk 00:25:10]}
{[%emt 00:06:21]} 42. Be4 {[%clk 01:01:53]} {[%emt 00:01:31]} Bxe4 {[%clk
00:07:45]} {[%emt 00:17:56]} 43. Nxe4 {[%clk 01:01:28]} {[%emt 00:00:55]} Rd8
{[%clk 00:08:01]} {[%emt 00:00:13]} 44. Ng3 {[%clk 01:00:39]} {[%emt 00:01:19]}
d3 {[%clk 00:01:43]} {[%emt 00:06:48]} 45. Nf5+ {[%clk 01:00:35]} {[%emt
00:00:35]} Kg8 {[%clk 00:01:22]} {[%emt 00:00:50]} 46. Nxh6+ {[%clk 00:59:47]}
{[%emt 00:01:17]} Kg7 {[%clk 00:01:39]} {[%emt 00:00:13]} 47. Nf5+ {[%clk
00:59:40]} {[%emt 00:00:37]} Kg8 {[%clk 00:02:01]} {[%emt 00:00:09]} 48. Rh1
{[%clk 00:56:22]} {[%emt 00:03:48]} d2 {[%clk 00:00:46]} {[%emt 00:01:45]} 49.
Rd1 {[%clk 00:56:03]} {[%emt 00:00:49]} Rd3 {[%clk 00:00:39]} {[%emt 00:00:36]}
50. Ke4 {[%clk 00:55:12]} {[%emt 00:01:21]} Rb3 {[%clk 00:00:35]} {[%emt
00:00:35]} 51. Rxd2 {[%clk 00:54:58]} {[%emt 00:00:44]} Rxb4+ {[%clk 00:01:03]}
{[%emt 00:00:02]} 52. Rd4 {[%clk 00:54:57]} {[%emt 00:00:32]} Rb3 {[%clk
00:01:16]} {[%emt 00:00:16]} 53. Ke5 {[%clk 00:53:18]} {[%emt 00:02:10]} b5
{[%clk 00:00:32]} {[%emt 00:01:14]} 54. Kf6 {[%clk 00:50:35]} {[%emt 00:03:13]}
bxa4 {[%clk 00:00:37]} {[%emt 00:00:25]} 55. Ne7+ {[%clk 00:50:36]} {[%emt
00:00:28]} Kh8 {[%clk 00:00:37]} {[%emt 00:00:31]} 56. Rh4# {[%clk 00:50:58]}
{[%emt 00:00:07]} 1-0

[Event "DEM U18w 2023"]
[Site "Willingen GER"]
[Date "2023.06.03"]
[Round "9"]
[White "Hafermann, Lara"]
[Black "Petersen, Sophie"]
[Result "0-1"]
[Termination "normal"]
[Board "8"]
[WhiteElo "1498"]
[BlackElo "1763"]
[WhiteClock "00:04:55"]
[BlackClock "00:14:49"]
[PlyCount "78"]
[WhiteFideId "16298306"]
[BlackFideId "16229380"]
[EventCountry "GER"]
[EventRounds "9"]
[EventType "swiss"]
[EventDate "2023.05.27"]

1. e4 {[%clk 01:30:57]} {[%emt 00:00:03]} c5 {[%clk 01:30:55]} {[%emt
00:00:05]} 2. Nf3 {[%clk 01:31:22]} {[%emt 00:00:06]} d6 {[%clk 01:31:19]}
{[%emt 00:00:06]} 3. Bc4 {[%clk 01:31:39]} {[%emt 00:00:13]} a6 {[%clk
01:30:49]} {[%emt 00:01:00]} 4. Bb3 {[%clk 01:31:19]} {[%emt 00:00:50]} Nf6
{[%clk 01:29:54]} {[%emt 00:01:25]} 5. d3 {[%clk 01:31:38]} {[%emt 00:00:11]}
Nc6 {[%clk 01:27:27]} {[%emt 00:02:57]} 6. c3 {[%clk 01:32:00]} {[%emt
00:00:08]} b5 {[%clk 01:25:43]} {[%emt 00:02:14]} 7. O-O {[%clk 01:30:33]}
{[%emt 00:01:57]} Bb7 {[%clk 01:25:29]} {[%emt 00:00:44]} 8. Re1 {[%clk
01:29:00]} {[%emt 00:02:02]} e6 {[%clk 01:20:14]} {[%emt 00:05:45]} 9. Nbd2
{[%clk 01:28:35]} {[%emt 00:00:55]} Be7 {[%clk 01:15:38]} {[%emt 00:05:06]} 10.
Nf1 {[%clk 01:27:42]} {[%emt 00:01:23]} O-O {[%clk 01:06:15]} {[%emt 00:09:54]}
11. Ng3 {[%clk 01:25:34]} {[%emt 00:02:37]} Qc7 {[%clk 01:02:38]} {[%emt
00:04:07]} 12. d4 {[%clk 01:22:09]} {[%emt 00:03:55]} cxd4 {[%clk 00:58:06]}
{[%emt 00:05:02]} 13. cxd4 {[%clk 01:22:30]} {[%emt 00:00:09]} Rac8 {[%clk
00:57:11]} {[%emt 00:01:25]} 14. e5 {[%clk 01:08:55]} {[%emt 00:14:05]} dxe5
{[%clk 00:52:35]} {[%emt 00:05:06]} 15. dxe5 {[%clk 01:06:58]} {[%emt
00:02:27]} Rfd8 {[%clk 00:52:15]} {[%emt 00:00:50]} 16. Qe2 {[%clk 01:06:27]}
{[%emt 00:01:02]} Nd5 {[%clk 00:50:46]} {[%emt 00:01:58]} 17. a3 {[%clk
00:59:21]} {[%emt 00:07:36]} Na5 {[%clk 00:49:25]} {[%emt 00:01:51]} 18. Ba2
{[%clk 00:58:29]} {[%emt 00:01:22]} Qc2 {[%clk 00:46:49]} {[%emt 00:03:06]} 19.
Nd2 {[%clk 00:51:26]} {[%emt 00:07:33]} Nf4 {[%clk 00:44:07]} {[%emt 00:03:12]}
20. Qg4 {[%clk 00:50:03]} {[%emt 00:01:53]} Nxg2 {[%clk 00:41:29]} {[%emt
00:03:08]} 21. Bb1 {[%clk 00:47:11]} {[%emt 00:03:23]} Qa4 {[%clk 00:37:05]}
{[%emt 00:04:52]} 22. Qh5 {[%clk 00:25:20]} {[%emt 00:22:22]} g6 {[%clk
00:34:30]} {[%emt 00:03:05]} 23. Qh6 {[%clk 00:24:57]} {[%emt 00:00:53]} Qh4
{[%clk 00:33:57]} {[%emt 00:01:03]} 24. Qxh4 {[%clk 00:21:48]} {[%emt
00:03:40]} Nxh4 {[%clk 00:32:29]} {[%emt 00:01:56]} 25. Be4 {[%clk 00:19:10]}
{[%emt 00:03:09]} Bxe4 {[%clk 00:27:24]} {[%emt 00:05:36]} 26. Ngxe4 {[%clk
00:19:28]} {[%emt 00:00:11]} Nc4 {[%clk 00:25:01]} {[%emt 00:02:53]} 27. Kf1
{[%clk 00:17:39]} {[%emt 00:02:18]} Nxd2+ {[%clk 00:22:51]} {[%emt 00:02:42]}
28. Nxd2 {[%clk 00:15:00]} {[%emt 00:03:09]} Rc2 {[%clk 00:21:07]} {[%emt
00:02:13]} 29. Re2 {[%clk 00:10:14]} {[%emt 00:05:16]} Bg5 {[%clk 00:19:39]}
{[%emt 00:01:57]} 30. Nb3 {[%clk 00:09:34]} {[%emt 00:01:12]} Rd1+ {[%clk
00:16:07]} {[%emt 00:04:02]} 31. Re1 {[%clk 00:09:57]} {[%emt 00:00:06]} Rxe1+
{[%clk 00:15:40]} {[%emt 00:00:57]} 32. Kxe1 {[%clk 00:10:25]} {[%emt
00:00:02]} Bxc1 {[%clk 00:15:45]} {[%emt 00:00:25]} 33. Rxc1 {[%clk 00:07:47]}
{[%emt 00:03:09]} Rxc1+ {[%clk 00:15:52]} {[%emt 00:00:23]} 34. Nxc1 {[%clk
00:08:08]} {[%emt 00:00:09]} Nf3+ {[%clk 00:16:17]} {[%emt 00:00:04]} 35. Ke2
{[%clk 00:07:55]} {[%emt 00:00:42]} Nxe5 {[%clk 00:16:33]} {[%emt 00:00:16]}
36. b3 {[%clk 00:07:22]} {[%emt 00:01:03]} Kf8 {[%clk 00:16:09]} {[%emt
00:00:53]} 37. Nd3 {[%clk 00:07:22]} {[%emt 00:00:30]} Nxd3 {[%clk 00:14:12]}
{[%emt 00:02:27]} 38. Kxd3 {[%clk 00:07:44]} {[%emt 00:00:07]} Ke7 {[%clk
00:14:35]} {[%emt 00:00:06]} 39. Ke4 {[%clk 00:04:55]} {[%emt 00:03:20]} Kd6
{[%clk 00:14:49]} {[%emt 00:00:16]} 0-1